One Piece: personnages saga Dressrosa - Statistiques

Statistiques générales
  • Ce quiz a été pris 533 fois
  • Le résultat moyen est 57 sur 105
Statistiques - réponses
Hint Réponse % Correct
Capitaine de l'équipage au Chapeau de Paille Monkey D Luffy
99%
Musicien de l'équipage au Chapeau de Paille Brook
98%
Charpentier de l'équipage au Chapeau de Paille Franky
98%
Navigatrice de l'équipage au Chapeau de Paille Nami
98%
Archéologue de l'équipage au Chapeau de Paille Nico Robin
98%
Combattant de l'équipage au Chapeau de Paille Roronoa Zoro
98%
Cuisinier de l'équipage au Chapeau de Paille Vinsmoke Sanji
98%
Tireur de l'équipage au Chapeau de Paille God Usopp
97%
Médecin de l'équipage au Chapeau de Paille Tony Tony Chopper
97%
Supernova devenu membre des 7 Grands Corsaires Trafalgar D Water Law
96%
Scientifique fou ayant le fruit du gaz Cesar Clown
94%
Samouraï du pays des Wa ayant été séparé en plusieurs morceaux Kinemon
94%
Jeune samouraï du pays des wa capable de se transformer en dragon Momonosuke Kozuki
94%
Membre des 7 Grands Corsaires Donquichotte Doflamingo
92%
Second de l'armée Révolutionnaire Sabo
90%
Amiral de la marine Issho Fujitora
89%
Vice Amiral de la marine du G-5 Smoker
88%
Princesse de Dressrosa Rebecca
87%
Capitaine du Barto-Club Bartolomeo
86%
Femme des neiges Monet
86%
Ex Amiral de la marine Kuzan
84%
Membre de la Donquichotte Family capable de transformer les humains en jouets Sugar
84%
Membre de la Donquichotte Family capable de transformer son corps en arme Baby 5
83%
Capitaine des Magnifiques pirates Cavendish
83%
Commandant du carreaux la Donquichotte Family Diamante
83%
Commandant du pique de la Donquichotte Family Pica
83%
Ancien membre de la Donquichotte Family ayant été tué par son propre frère Donquichotte Rossinante
82%
Colonel de la Marine du G-5 Tashigi
82%
Commandant du trèfle de la Donquichotte Family Trébol
82%
Capitaine de l'équipage de la tribu tontatta Léo
81%
Vice Amiral de la Donquichotte Family Vergo
81%
Membre de la famille Royale infiltré à la Donquichotte Family Viola
81%
Membre de l'armée Révolutionnaire Koala
79%
Membre de la Donquichotte Family capable de nager dans le sol Senõr pink
78%
Samouraï au talent de dessinateur Kanjuro
77%
Héros légendaire du Colisé Kyros
76%
Timonier de l'équipage de Barbe noire Jesus Burgess
74%
Allié de Barbe Blanche vaincu par le nouveau grand corsaire A.O
73%
Amiral en chef de la marine Sakazuki Akainu
73%
Grand corsaire au nez rouge Baggy le Clown au milles pièces
71%
Ancien amiral en chef de la marine Sengoku
71%
Membre de la Donquichotte Family maîtrisant les arts martiaux Lao G
70%
Membre de la Donquichotte Family capable de voler en faisant tourner sa tête Buffalo
68%
Roi de Dressrosa Riku Dold III
68%
Jeune fille atteinte de la maladie du plomb blanc Trafalgar D Water Lamy
68%
Minks de l'équipage de Big Mom Pekoms
67%
Pirate centaure crocodile Barbe brune
65%
Membre de la Donquichotte Family avec des dents pointues Dellinger
65%
Capitaine surnommé la hyène Bellamy la hyène
63%
Ancien Capitaine de la Marine des 8 trésors Don Chinjao
63%
Homme poisson membre de l'armée Révolutionnaire Hack
63%
Membre de la Donquichotte Family capable de faire de l'art Jora
63%
Baron de l'équipage de Big Mom Tamago
60%
Nouveau Grand Corsaire qui prétend être le fils de Barbe Blanche Edward Weevil
59%
Membre de la Donquichotte Family capable de produire des explosions Gladius
59%
Capitaine de la Marine des 8 trésors Don Sai
58%
Princesse de la tribu tontatta Manshelly
56%
Arme destructrice de Punk Hazard Smiley
56%
Capitaine de l'équipage des Géants Hajrudin
55%
Empereur capitaine du Sabre de Xebec Marshall D Teach
55%
Fils de ce pirate qui deviendra supernova X Drake
54%
Membre de la Donquichotte Family capable de peser plusieurs tonnes Machvise
50%
Capitaine de l'équipage du surnommé le canon destructeur Ideo
45%
Membre de la famille Royale décédée Scarlett
45%
Vice Amiral de la marine venu à Dressrosa suite à la chute du grand corsaire Tsuru
41%
Vice Amiral de la marine Bastille
39%
Capitaine de la flotte Yonta Maria Orlumbus
36%
Membre de la Marine des 8 trésors Don Boo
35%
Assassin homme des neiges Rock
35%
Tribu des longues jambes membre de l'équipage du surnommé le canon destructeur Bluegilly
34%
Assassin homme des neiges Scotch
34%
Membre de l'équipage du surnommé le canon destructeur Abdullah
32%
Jeune fille ayant avaler tous les bonbons de drogue Mocha
31%
Membre de la tribu tontatta au pouvoir du scarabée Kabu
30%
Frère Assassin Kerry Funk
29%
Membre de la tribu tontatta au pouvoir de la guêpe Bee Anne
27%
Roi du Royaume de Prodence Elizabello II
27%
Second des Magnifiques pirates Suleiman
27%
Membre de l'équipage du surnommé le canon destructeur Jeet
24%
Cheval blanc des Magnifiques pirates Farul
23%
Vice Amiral de la marine infiltré au Colisé Maynard
20%
Stratège du Royaume de Prodence Dagama
19%
Frère Assassin Bobby Funk
18%
Combattant du Colisé qui à l'apparence d'un taureau Fighting bull
18%
Pirate tué qui souhaitait vendre le fruit du bistouri X Barrels
17%
Second du Barto-Club Gambia
16%
Commentateur du Colisé Gatz
16%
La soit disante amante de Barbe Blanche Miss Bakkin
16%
Dragon celeste décédé qui a choisit de vivre parmis les hommes Saint Homing
16%
Membre de la tribu tontatta qui vole des sabres Wicka
15%
Commandant de la garde Royale de Dressrosa Tank Lepanto
13%
Pingouin 🐧 de l'ex Amiral de la marine Camel
12%
Combattant du Colisé terrassé avant les combats Spartan
11%
Combattante imposante du Colisé Acilia
8%
Directrice de l'usine de smile Aspireine
8%
Chasseur de prime à la recherche des évadés d'Impel Down Jean Ango
8%
Combattant du Colisé qui porte un masque à gaz Damask
7%
Chef de la tribu tontatta Gancho
7%
Vice Amiral de la marine qui en fait beaucoup trop Jenfétro
7%
Combattant du Colisé ressemblant à une momie Mummy
6%
Membre de la tribu tontatta Bomba
5%
Combattant du Colisé très imposant et aux lèvres épaisses Rolling Logan
5%
Pirate de Flashback à la prime de 10 millions de berrys Wellington
4%
Combattant du Colisé qui porte une fourrure de guépard Meadows
3%
Membre de la tribu tontatta Rampo
3%
Aucun quiz correspondant
Distribution des résultats
% des personnes avec chaque résultat
Percentile par nombre de réponses
Votre historique - résultats
Vous n’avez pas pris ce quiz